000
00206 a2200097 4500
001
52710
100
_a
Gentry F E
245
_a
Modern Physics
260
_a
New York
_b
John Wiley
_c
090
_c
33154
_d
33154
942
_a
NUST-CAE
_c
M
_c
25730
999
_c
287783
_d
287783